| 000 | 00672nam a2200217 a 4500 | ||
|---|---|---|---|
| 999 |
_c4549 _d4549 |
||
| 001 | 4549 | ||
| 003 | BD-JhCC | ||
| 005 | 20171128171044.0 | ||
| 008 | 171128s1979 bg a|||| |||| 001 0 ben d | ||
| 035 | _a(BD-JhCC) 4549 | ||
| 040 |
_aBD-JhCC _dBD-JhCC |
||
| 041 | _aben | ||
| 082 |
_a552 _bHAQ 1979 |
||
| 100 | _aহক, সৈয়দ মাজহারুল | ||
| 245 |
_aশিলাবিদ্যা / _cসৈয়দ মাজহারুল হক |
||
| 260 |
_aঢকা : _bবাংলা একাডেমী, _c১৯৭৯. |
||
| 300 |
_a৩৭৯ পৃ. : _c২১ সেমি. _bill. ; |
||
| 650 | _aPetrology | ||
| 942 |
_2ddc _cBK |
||